<?xml version="1.0" encoding="UTF-8"?>
<record
    xmlns:xsi="http://www.w3.org/2001/XMLSchema-instance"
    xsi:schemaLocation="http://www.loc.gov/MARC21/slim http://www.loc.gov/standards/marcxml/schema/MARC21slim.xsd"
    xmlns="http://www.loc.gov/MARC21/slim">

  <leader>01597nam a2200205 a 4500</leader>
  <controlfield tag="001">400</controlfield>
  <controlfield tag="003">CO-ViMGA</controlfield>
  <controlfield tag="005">20250801162556.0</controlfield>
  <controlfield tag="008">141112s2004    ck      r     000 u spa d</controlfield>
  <datafield tag="040" ind1=" " ind2=" ">
    <subfield code="a">CO-ViMGA</subfield>
    <subfield code="b">spa</subfield>
    <subfield code="c">CO-ViMGA</subfield>
  </datafield>
  <datafield tag="082" ind1="0" ind2="4">
    <subfield code="a">616.01 M426</subfield>
  </datafield>
  <datafield tag="245" ind1="1" ind2="0">
    <subfield code="a">Microbiolog&#xED;a</subfield>
  </datafield>
  <datafield tag="250" ind1=" " ind2=" ">
    <subfield code="a">20a</subfield>
  </datafield>
  <datafield tag="260" ind1=" " ind2=" ">
    <subfield code="a">Buenos Aires : </subfield>
    <subfield code="b">Medica PanAm&#xE9;ricana, </subfield>
    <subfield code="c">1996</subfield>
  </datafield>
  <datafield tag="300" ind1=" " ind2=" ">
    <subfield code="a">1696 p : il</subfield>
  </datafield>
  <datafield tag="505" ind1=" " ind2=" ">
    <subfield code="a">Fisiolog&#xED;a bacteriana Clasificaci&#xF3;n e identificaci&#xF3;n de las bacterias; Metabolismo energetico; Bases moleculares de la gen&#xE9;tica y regulaci&#xF3;n metabolica; Esterilizaci&#xF3;n y deinfecci&#xF3;n 267 - - Inmunolog&#xED;a Inmun&#xF3;genos y moleculas fijadoras de ant&#xED;genos y su detecci&#xF3;n; Inmunopatolog&#xED;a; Desarrollo anormal del sistema inmunitario 477 - - Bacteriolog&#xED;a medica Flora normal e infecciones oportunistas; Vibrionaceae; Yersinia; Brucella; Bacilius; Microbiolog&#xED;a oral; Myciplasma 987 - - Virolog&#xED;a b&#xE1;sica Naturaleza, aislamiento y cunatificaci&#xF3;n de virus animales; Estructura, componentes y clasificaci&#xF3;n de los virus; el ciclo de multiplicaci&#xF3;n viral; Gen&#xE9;tica de los virus animales; Virus tumorales; bacteri&#xF3;fagos 1204 - - Virolog&#xED;a cl&#xED;nica Patogenia de las infecciones virales; diagn&#xF3;stico viral r&#xE1;pido; Enterovirus; Virus e infecciones del racto gastrointestinal; Virus influenza; Arbovirus; Arena virus; 1410 - - Micolog&#xED;a medica Caracter&#xED;sticas generales de los hongos; Micosis sistemicas, subcut&#xE1;neas, oportunistas 1493 - - Parasitolog&#xED;a medica Protozoolog&#xED;a medica; Helmintolog&#xED;a medica 1574  </subfield>
  </datafield>
  <datafield tag="650" ind1="1" ind2="4">
    <subfield code="a">MICROBIOLOGIA</subfield>
  </datafield>
  <datafield tag="942" ind1=" " ind2=" ">
    <subfield code="2">ddc</subfield>
    <subfield code="c">BK</subfield>
  </datafield>
  <datafield tag="999" ind1=" " ind2=" ">
    <subfield code="c">12642</subfield>
    <subfield code="d">12642</subfield>
  </datafield>
  <datafield tag="952" ind1=" " ind2=" ">
    <subfield code="0">0</subfield>
    <subfield code="1">0</subfield>
    <subfield code="2">ddc</subfield>
    <subfield code="4">0</subfield>
    <subfield code="7">0</subfield>
    <subfield code="8">002</subfield>
    <subfield code="a">MEVIECAR</subfield>
    <subfield code="b">MEVIECAR</subfield>
    <subfield code="d">2015-12-04</subfield>
    <subfield code="h">Volumen. 1 | 11/jun/2009</subfield>
    <subfield code="l">1</subfield>
    <subfield code="m">3</subfield>
    <subfield code="o">616.01 M426 </subfield>
    <subfield code="p">00796</subfield>
    <subfield code="r">2017-12-11 00:00:00</subfield>
    <subfield code="s">2017-10-09</subfield>
    <subfield code="t">Ej. 1</subfield>
    <subfield code="w">2015-12-04</subfield>
    <subfield code="y">BK</subfield>
  </datafield>
</record>
